[Event "ISR-chT"]
[Site "Israel"]
[Date "2023.05.05"]
[Round "9.6"]
[White "Kuprijanov, Anatoly"]
[Black "Vydeslaver, Alik"]
[Result "1/2-1/2"]
[WhiteElo "2270"]
[BlackElo "2385"]
[PlyCount "113"]
[EventDate "2023.01.11"]
[EventType "team-tourn"]
[EventRounds "11"]
[EventCountry "ISR"]
[SourceTitle "EXT 2024"]
[Source "ChessBase"]
[SourceDate "2023.10.10"]
[SourceVersion "1"]
[SourceVersionDate "2023.10.10"]
[SourceQuality "1"]
[WhiteTeam "Ashdod II"]
[BlackTeam "Beer Sheva II"]
[WhiteTeamCountry "ISR"]
[BlackTeamCountry "ISR"]

1. Nf3 Nf6 2. c4 g6 3. Nc3 d5 4. cxd5 Nxd5 5. Qa4+ Bd7 6. Qd4 Nf6 7. Qh4 Nc6 8. d3 Bg4 9. Bg5 Bxf3 10. gxf3 Bg7 11. Bg2 Nd4 12. Rc1 c6 13. 0-0 h6 14. Be3 Nf5 15. Qb4 Nxe3 16. fxe3 Qb6 17. Qxb6 axb6 18. f4 Ng4 19. Rf3 Bxc3 20. bxc3 Rxa2 21. Rg3 Nf6 22. Rb1 Nd7 23. Kf2 e6 24. h4 Ra5 25. Bf3 h5 26. e4 Ke7 27. e5 Rha8 28. c4 Ra1 29. Rgg1 Rxb1 30. Rxb1 Kd8 31. Ke3 Ra4 32. Rb2 Kc7 33. Rb1 Ra3 34. Kd2 c5 35. Ke3 Ra2 36. Be4 Nb8 37. f5 exf5 38. Bd5 Nc6 39. Bxf7 Nxe5 40. Bd5 f4+ 41. Kxf4 Rxe2 42. Be4 Nc6 43. Bxg6 Rh2 44. Kg5 Ne5 45. Be4 Rh3 46. Kxh5 Nxd3 47. Rh1 Rxh1 48. Bxh1 Ne5 49. Kg5 b5 50. cxb5 c4 51. Be4 c3 52. h5 Kd6 53. Kf4 Nf7 54. Ke3 Ke7 55. Bxb7 Nd6 56. h6 Kf6 57. Kd3 1/2-1/2

[Event "ISR-chT"]
[Site "Israel"]
[Date "2023.02.04"]
[Round "6.2"]
[White "Aizenberg, Benny"]
[Black "Kuprijanov, Anatoly"]
[Result "1-0"]
[WhiteElo "2348"]
[BlackElo "2270"]
[PlyCount "101"]
[EventDate "2023.01.11"]
[EventType "team-tourn"]
[EventRounds "11"]
[EventCountry "ISR"]
[SourceTitle "EXT 2024"]
[Source "ChessBase"]
[SourceDate "2023.10.10"]
[SourceVersion "1"]
[SourceVersionDate "2023.10.10"]
[SourceQuality "1"]
[WhiteTeam "Petah Tikva"]
[BlackTeam "Ashdod II"]
[WhiteTeamCountry "ISR"]
[BlackTeamCountry "ISR"]

1. e4 c6 2. Nf3 d5 3. Nc3 Bg4 4. h3 Bxf3 5. Qxf3 e6 6. Be2 Nf6 7. 0-0 Nbd7 8. d4 dxe4 9. Nxe4 Nxe4 10. Qxe4 Nf6 11. Qd3 h6 12. Rb1 Bd6 13. b4 a6 14. a4 0-0 15. b5 axb5 16. axb5 Ra4 17. c4 e5 18. dxe5 Bxe5 19. Be3 Qe7 20. Bf3 Qe6 21. Rfc1 Bc7 22. Qb3 Rfa8 23. bxc6 bxc6 24. Qb7 Rc8 25. Ra1 Rxa1 26. Rxa1 Be5 27. Ra8 Rxa8 28. Qxa8+ Qe8 29. Bxc6 Qxa8 30. Bxa8 Kf8 31. f4 Bd6 32. Kf2 Nd7 33. Kf3 Nc5 34. Bd5 Nb3 35. Ke4 Ke7 36. f5 f6 37. Be6 Nc5+ 38. Kd5 Nd3 39. c5 Bg3 40. Kc6 g5 41. Bc4 Ne1 42. Bf1 Nc2 43. Bg1 Nb4+ 44. Kb7 Nd5 45. c6 Kd6 46. Bd4 Be5 47. Bxe5+ Kxe5 48. Bc4 Ne7 49. Be6 Kf4 50. c7 Kg3 51. Kb6 1-0

[Event "ISR-chT"]
[Site "Israel"]
[Date "2023.02.03"]
[Round "5.5"]
[White "Kuprijanov, Anatoly"]
[Black "Levin, Guy"]
[Result "0-1"]
[WhiteElo "2270"]
[BlackElo "2391"]
[PlyCount "64"]
[EventDate "2023.01.11"]
[EventType "team-tourn"]
[EventRounds "11"]
[EventCountry "ISR"]
[SourceTitle "EXT 2024"]
[Source "ChessBase"]
[SourceDate "2023.10.10"]
[SourceVersion "1"]
[SourceVersionDate "2023.10.10"]
[SourceQuality "1"]
[WhiteTeam "Ashdod II"]
[BlackTeam "Ramat Gan Etude"]
[WhiteTeamCountry "ISR"]
[BlackTeamCountry "ISR"]

1. d4 d5 2. c4 dxc4 3. Nf3 Nf6 4. e3 b5 5. a4 b4 6. Bxc4 e6 7. 0-0 Be7 8. Nbd2 Nbd7 9. Qe2 0-0 10. e4 Bb7 11. e5 Nd5 12. Ne4 c5 13. Bd3 cxd4 14. Neg5 g6 15. Qe4 Nc5 16. Qh4 h5 17. Rd1 Ne3 18. Bxe3 Bxf3 19. gxf3 dxe3 20. Bxg6 fxg6 21. Rxd8 Raxd8 22. fxe3 Rxf3 23. Qc4 Bxg5 24. Kg2 Rxe3 25. Qxc5 Rd2+ 26. Kf1 Rf3+ 27. Ke1 Rxh2 28. Qc8+ Kg7 29. Qa6 Bh4+ 30. Kd1 Rff2 31. Qxa7+ Kh6 32. Qe3+ Bg5 0-1

[Event "Ramat Gan Winter op"]
[Site "Ramat Gan"]
[Date "2023.01.07"]
[Round "1"]
[White "Aroeta, Benny"]
[Black "Kuprijanov, Anatoly"]
[Result "0-1"]
[WhiteElo "1978"]
[BlackElo "2270"]
[PlyCount "128"]
[EventDate "2023.01.07"]
[EventType "swiss (rapid)"]
[EventRounds "6"]
[EventCountry "ISR"]
[SourceTitle "CBM 212 Extra"]
[Source "ChessBase"]
[SourceDate "2023.03.31"]
[SourceVersion "1"]
[SourceVersionDate "2023.03.31"]
[SourceQuality "1"]

1. e4 c6 2. d4 d5 3. e5 Bf5 4. Nf3 e6 5. Be2 Ne7 6. 0-0 Bg6 7. b3 Nf5 8. c4 Be7 9. Ba3 0-0 10. Bxe7 Qxe7 11. cxd5 cxd5 12. Qd2 Nc6 13. Nc3 Bh5 14. Bd3 Bxf3 15. Bxf5 Bxg2 16. Bxh7+ Kxh7 17. Kxg2 Qh4 18. f4 Qg4+ 19. Kh1 Ne7 20. Qd3+ Qf5 21. Qf3 Ng6 22. Nb5 Nh4 23. Qe3 Qe4+ 24. Qxe4+ dxe4 25. Nd6 Rad8 26. Rad1 Nf3 27. Nxe4 Nxd4 28. Nd6 Ne2 29. Rf2 Nc3 30. Rc1 Nd5 31. Nxb7 Rc8 32. Rg1 g6 33. Nd6 Rc7 34. h4 Kg7 35. f5 Rh8 36. Rg4 Rc1+ 37. Kh2 Ne3 38. Re4 Nxf5 39. Nxf5+ exf5 40. Ra4 Rc7 41. Kg3 Re7 42. Re2 Rc8 43. Re3 Rc5 44. Kf4 Kh6 45. Rd4 Rc1 46. Rd5 Rf1+ 47. Rf3 Rh1 48. Kg3 Rg1+ 49. Kf4 Rg4+ 50. Ke3 Rxh4 51. Rd4 Rxe5+ 52. Kd3 Rxd4+ 53. Kxd4 Ra5 54. a4 g5 55. Kc4 f4 56. Rh3+ Kg6 57. Rh8 f3 58. Kd3 f2 59. Ke2 Rf5 60. Kf1 a5 61. Rb8 g4 62. Rb6+ Kg5 63. Rb5 g3 64. b4 axb4 0-1

[Event "Ramat Gan Winter op"]
[Site "Ramat Gan"]
[Date "2023.01.07"]
[Round "5"]
[White "Bodenshtein, Yair"]
[Black "Kuprijanov, Anatoly"]
[Result "1/2-1/2"]
[WhiteElo "1810"]
[BlackElo "2270"]
[PlyCount "91"]
[EventDate "2023.01.07"]
[EventType "swiss (rapid)"]
[EventRounds "6"]
[EventCountry "ISR"]
[SourceTitle "CBM 212 Extra"]
[Source "ChessBase"]
[SourceDate "2023.03.31"]
[SourceVersion "1"]
[SourceVersionDate "2023.03.31"]
[SourceQuality "1"]

1. e4 c6 2. d4 d5 3. Nd2 dxe4 4. Nxe4 Bf5 5. Ng3 Bg6 6. h4 h6 7. Nf3 Nd7 8. h5 Bh7 9. Bd3 Bxd3 10. Qxd3 e6 11. Bd2 Ngf6 12. 0-0-0 Be7 13. Ne4 Nxe4 14. Qxe4 Nf6 15. Qe2 Qd5 16. c4 Qe4 17. Qxe4 Nxe4 18. Be3 0-0 19. Nd2 Nd6 20. g4 b5 21. b3 bxc4 22. bxc4 Rab8 23. Kc2 Bg5 24. Bxg5 hxg5 25. Rb1 f5 26. Rxb8 Rxb8 27. Rb1 Rf8 28. f3 fxg4 29. fxg4 Rf4 30. Rb8+ Kf7 31. Ra8 Rxg4 32. Rxa7+ Kf6 33. Rd7 Nf5 34. a4 Nxd4+ 35. Kc3 c5 36. a5 Rg3+ 37. Kb2 Rg2 38. Kc3 Rg1 39. Ne4+ Ke5 40. Nxc5 Rc1+ 41. Kb4 Rb1+ 42. Kc3 Rc1+ 43. Kb4 Rb1+ 44. Kc3 Rc1+ 45. Kb4 Rb1+ 46. Kc3 1/2-1/2

[Event "Ramat Gan Winter op"]
[Site "Ramat Gan"]
[Date "2023.01.07"]
[Round "4"]
[White "Kuprijanov, Anatoly"]
[Black "Vaisman, Felix"]
[Result "1-0"]
[WhiteElo "2270"]
[BlackElo "2128"]
[PlyCount "73"]
[EventDate "2023.01.07"]
[EventType "swiss (rapid)"]
[EventRounds "6"]
[EventCountry "ISR"]
[SourceTitle "CBM 212 Extra"]
[Source "ChessBase"]
[SourceDate "2023.03.31"]
[SourceVersion "1"]
[SourceVersionDate "2023.03.31"]
[SourceQuality "1"]

1. Nf3 c5 2. c4 Nf6 3. Nc3 Nc6 4. g3 e6 5. Bg2 Be7 6. 0-0 d5 7. cxd5 Nxd5 8. Nxd5 exd5 9. d4 0-0 10. b3 cxd4 11. Bb2 Bf6 12. Nxd4 Qb6 13. Nxc6 bxc6 14. Bxf6 gxf6 15. Qd2 Re8 16. e3 Bf5 17. Rac1 Re6 18. Qc3 Qa6 19. Qb2 Rd8 20. Rfd1 Red6 21. Rd4 Qb7 22. Rc5 Qe7 23. Qc3 Qe6 24. Ra5 Kg7 25. Qc5 Bg6 26. Rxa7 Qf5 27. b4 Qb1+ 28. Bf1 Be4 29. Qc3 Re8 30. a4 Re5 31. Qd2 Bf3 32. Ra5 Rh5 33. Qd3 Qe1 34. Rf4 Be4 35. Rxe4 dxe4 36. Qxd6 c5 37. Qd7 1-0

[Event "ISR-chT"]
[Site "Israel"]
[Date "2020.09.05"]
[Round "10.5"]
[White "Mindlin, Alon"]
[Black "Kuprijanov, Anatoly"]
[Result "1-0"]
[WhiteElo "2432"]
[BlackElo "2238"]
[PlyCount "53"]
[EventDate "2020.01.10"]
[EventType "team-tourn"]
[EventRounds "11"]
[EventCountry "ISR"]
[SourceTitle "EXT 2021"]
[Source "ChessBase"]
[SourceDate "2020.10.23"]
[SourceVersion "1"]
[SourceVersionDate "2020.10.23"]
[SourceQuality "1"]
[WhiteTeam "Kfar Saba Hapoel"]
[BlackTeam "Ashdod A"]
[WhiteTeamCountry "ISR"]
[BlackTeamCountry "ISR"]

1. d4 d5 2. c4 c6 3. cxd5 cxd5 4. Bg5 Nc6 5. Nc3 Bf5 6. e3 Qd7 7. Nf3 e6 8. Bb5 Bd6 9. Ne5 Bxe5 10. dxe5 a6 11. Bxc6 Qxc6 12. 0-0 h6 13. Bh4 Qc4 14. f4 g5 15. Bg3 Ne7 16. Rc1 Qd3 17. Qb3 b5 18. Qa3 Bg4 19. Kh1 h5 20. h3 Nf5 21. Bf2 gxf4 22. e4 dxe4 23. Qc5 f3 24. Qc6+ Kf8 25. Qxa8+ Kg7 26. Qxe4 fxg2+ 27. Qxg2 1-0

[Event "ISR-chT"]
[Site "Israel"]
[Date "2020.02.08"]
[Round "6.4"]
[White "Zlatin, Alexander"]
[Black "Kuprijanov, Anatoly"]
[Result "1-0"]
[WhiteElo "2310"]
[BlackElo "2238"]
[PlyCount "77"]
[EventDate "2020.01.10"]
[EventType "team-tourn"]
[EventRounds "11"]
[EventCountry "ISR"]
[SourceTitle "CBM 194 Extra"]
[Source "ChessBase"]
[SourceDate "2020.03.31"]
[SourceVersion "1"]
[SourceVersionDate "2020.03.31"]
[SourceQuality "1"]
[WhiteTeam "Tsafrir Rehovot"]
[BlackTeam "Ashdod A"]
[WhiteTeamCountry "ISR"]
[BlackTeamCountry "ISR"]

1. e4 c6 2. d4 d5 3. e5 Bf5 4. h4 h5 5. c4 e6 6. Nc3 Nd7 7. Nge2 dxc4 8. Ng3 Nb6 9. Nxf5 exf5 10. Be2 g6 11. Bf3 Ne7 12. Bg5 Bg7 13. Qd2 Qd7 14. 0-0 Ned5 15. Nxd5 cxd5 16. Qb4 Bf8 17. Qa5 Be7 18. Bxe7 Kxe7 19. a4 Rhd8 20. Qb4+ Ke8 21. a5 Nc8 22. Rfe1 Ne7 23. Qd2 Qe6 24. b3 cxb3 25. Re3 Rac8 26. Rxb3 Rc7 27. Rab1 Rdd7 28. Be2 Nc6 29. a6 bxa6 30. Bxa6 Kf8 31. Qh6+ Kg8 32. Rb8+ Rd8 33. Rxd8+ Nxd8 34. Rb8 Qe7 35. Qg5 f6 36. Qxg6+ Kf8 37. exf6 Qd6 38. Qh6+ Kg8 39. f7+ 1-0

[Event "ISR-chT"]
[Site "Israel"]
[Date "2020.01.11"]
[Round "2.4"]
[White "Golod, Vitali"]
[Black "Kuprijanov, Anatoly"]
[Result "1-0"]
[WhiteElo "2503"]
[BlackElo "2238"]
[PlyCount "73"]
[EventDate "2020.01.10"]
[EventType "team-tourn"]
[EventRounds "11"]
[EventCountry "ISR"]
[SourceTitle "CBM 194 Extra"]
[Source "ChessBase"]
[SourceDate "2020.03.31"]
[SourceVersion "1"]
[SourceVersionDate "2020.03.31"]
[SourceQuality "1"]
[WhiteTeam "Ashdod Elite"]
[BlackTeam "Ashdod A"]
[WhiteTeamCountry "ISR"]
[BlackTeamCountry "ISR"]

1. d4 d5 2. c4 c6 3. Nf3 Nf6 4. e3 Bg4 5. h3 Bxf3 6. Qxf3 e6 7. Nc3 Nbd7 8. Bd2 Bd6 9. Bd3 Qe7 10. Qd1 0-0 11. c5 Bc7 12. f4 b6 13. b4 a5 14. a3 b5 15. bxa5 Bxa5 16. Qc2 g6 17. 0-0 Nh5 18. a4 b4 19. Ne2 f6 20. e4 Rfd8 21. e5 b3 22. Qb2 Bxd2 23. Qxd2 Rdb8 24. Rfb1 fxe5 25. fxe5 Qh4 26. Kh2 Ra7 27. a5 Ng7 28. Ra3 Qd8 29. a6 Ne8 30. Raxb3 Rxb3 31. Rxb3 Nc7 32. Qc2 Qe8 33. Rb6 Nxb6 34. cxb6 Rxa6 35. Qc5 Qc8 36. bxc7 Qa8 37. Qe7 1-0

[Event "Belgrade ChessAmateur op 5th"]
[Site "Belgrade"]
[Date "2019.01.08"]
[Round "7"]
[White "Aleksic, Neven"]
[Black "Kuprijanov, Anatoly"]
[Result "0-1"]
[WhiteElo "2164"]
[BlackElo "2264"]
[PlyCount "100"]
[EventDate "2019.01.04"]
[EventType "swiss"]
[EventRounds "9"]
[EventCountry "SRB"]
[SourceTitle "CBM 188 Extra"]
[Source "ChessBase"]
[SourceDate "2019.02.26"]
[SourceVersion "1"]
[SourceVersionDate "2019.02.26"]
[SourceQuality "1"]

1. d4 Nf6 2. c4 e6 3. Nf3 c5 4. d5 b5 5. dxe6 fxe6 6. cxb5 d5 7. e3 Bd6 8. Nc3 0-0 9. Bd3 Bb7 10. 0-0 Qe7 11. Re1 e5 12. e4 d4 13. Nb1 Nbd7 14. Nbd2 Kh8 15. Nc4 Bc7 16. Nh4 Qe6 17. b3 Rae8 18. h3 Bd8 19. Nf3 h6 20. Bd2 g5 21. Nh2 Bc7 22. a4 Qf7 23. Qe2 Nh5 24. g3 Ndf6 25. Ng4 Nxg4 26. hxg4 Nf6 27. f3 h5 28. gxh5 Qxh5 29. Kg2 Kg7 30. Rh1 Qg6 31. g4 Rh8 32. b4 Nd7 33. a5 Bd6 34. bxc5 Bxc5 35. Rab1 Rh4 36. Rxh4 gxh4 37. Rh1 Be7 38. Qe1 Nc5 39. Qb1 Qe6 40. a6 Bc8 41. Na5 Qg6 42. Be2 d3 43. Bd1 Nxe4 44. Qxd3 h3+ 45. Rxh3 Rd8 46. fxe4 Rxd3 47. Rxd3 Qxe4+ 48. Rf3 Bxg4 49. b6 Bxf3+ 50. Bxf3 Qg6+ 0-1

[Event "Belgrade ChessAmateur op 5th"]
[Site "Belgrade"]
[Date "2019.01.06"]
[Round "4"]
[White "Kuprijanov, Anatoly"]
[Black "Kuzmanovic, Slobodan"]
[Result "0-1"]
[WhiteElo "2264"]
[BlackElo "2053"]
[PlyCount "90"]
[EventDate "2019.01.04"]
[EventType "swiss"]
[EventRounds "9"]
[EventCountry "SRB"]
[SourceTitle "CBM 188 Extra"]
[Source "ChessBase"]
[SourceDate "2019.02.26"]
[SourceVersion "1"]
[SourceVersionDate "2019.02.26"]
[SourceQuality "1"]

1. Nf3 c5 2. c4 Nf6 3. Nc3 e6 4. g3 b6 5. Bg2 Bb7 6. 0-0 Be7 7. d4 cxd4 8. Qxd4 d6 9. b3 0-0 10. Bb2 a6 11. Rfe1 Nbd7 12. Rad1 Rc8 13. e4 Qc7 14. Nd2 Rfd8 15. Nf1 Bf8 16. Qd3 Bc6 17. Qe2 Qb7 18. g4 b5 19. g5 Ne8 20. cxb5 axb5 21. b4 Nc7 22. Ne3 Nb6 23. a3 d5 24. exd5 Ncxd5 25. Nexd5 Nxd5 26. Bxd5 exd5 27. Rd4 Re8 28. Qd2 Rxe1+ 29. Qxe1 Re8 30. Qd2 Re5 31. f4 Re8 32. Nxd5 Qc8 33. Qd1 Qh3 34. Bc1 h6 35. gxh6 Re6 36. Rd3 Rg6+ 37. Rg3 Rxg3+ 38. hxg3 Qxg3+ 39. Kf1 Qh3+ 40. Kf2 Qxh6 41. Nc3 Be7 42. Ne2 Qh3 43. Nd4 Qg2+ 44. Ke3 Qe4+ 45. Kd2 Qxd4+ 0-1

[Event "Belgrade ChessAmateur op 5th"]
[Site "Belgrade"]
[Date "2019.01.05"]
[Round "2"]
[White "Kuprijanov, Anatoly"]
[Black "Agibileg, Uurtsaikh"]
[Result "0-1"]
[WhiteElo "2264"]
[BlackElo "2324"]
[PlyCount "108"]
[EventDate "2019.01.04"]
[EventType "swiss"]
[EventRounds "9"]
[EventCountry "SRB"]
[SourceTitle "CBM 188 Extra"]
[Source "ChessBase"]
[SourceDate "2019.02.26"]
[SourceVersion "1"]
[SourceVersionDate "2019.02.26"]
[SourceQuality "1"]

1. b3 Nf6 2. Bb2 g6 3. g3 Bg7 4. Bg2 d6 5. d4 0-0 6. Nf3 c5 7. 0-0 Nc6 8. c4 Bf5 9. d5 Nb4 10. a3 Na6 11. Nfd2 b5 12. cxb5 Nc7 13. a4 Rb8 14. e4 Bg4 15. f3 Bc8 16. Nc4 Na8 17. Nc3 a6 18. e5 Ne8 19. Qe1 axb5 20. Nxb5 Ba6 21. exd6 exd6 22. Bxg7 Kxg7 23. Qc3+ Kg8 24. Nca3 Nec7 25. Qd3 Qd7 26. Rfe1 Nxb5 27. axb5 Bxb5 28. Nxb5 Qxb5 29. Re3 Qxd3 30. Rxd3 Nc7 31. Ra7 Nb5 32. Ra6 Ra8 33. Rxa8 Rxa8 34. Bf1 Ra1 35. Kf2 Ra2+ 36. Kg1 Kf8 37. h4 Rb2 38. Re3 Nd4 39. g4 Rxb3 40. Rxb3 Nxb3 41. Kf2 h6 42. Ke3 Nd4 43. Bd3 g5 44. hxg5 hxg5 45. f4 f6 46. Ke4 Ke7 47. Bf1 Kd7 48. fxg5 fxg5 49. Bg2 Ke7 50. Bf1 Kf6 51. Bg2 Ne2 52. Bf3 Ng3+ 53. Ke3 Nf1+ 54. Ke2 Nh2 0-1

[Event "Sochi ChessAmateur op"]
[Site "Sochi"]
[Date "2018.04.06"]
[Round "8"]
[White "Kuprijanov, Anatoly"]
[Black "Yandarbiev, Ruslan"]
[Result "0-1"]
[WhiteElo "2231"]
[BlackElo "2298"]
[PlyCount "156"]
[EventDate "2018.04.01"]
[EventType "swiss"]
[EventRounds "9"]
[EventCountry "RUS"]
[SourceTitle "CBM 184 Extra"]
[Source "ChessBase"]
[SourceDate "2018.06.28"]
[SourceVersion "1"]
[SourceVersionDate "2018.06.28"]
[SourceQuality "1"]

1. c4 e5 2. Nc3 Nf6 3. g3 d5 4. cxd5 Nxd5 5. Bg2 Nb6 6. Nf3 Nc6 7. d3 Be7 8. Be3 0-0 9. 0-0 Bg4 10. a3 f5 11. b4 Bf6 12. Rc1 Kh8 13. Nd2 Rb8 14. Nb3 Nd4 15. Re1 Qe7 16. Bxd4 exd4 17. Nb5 Qd7 18. Nxa7 Ra8 19. Nc6 bxc6 20. Bxc6 Qf7 21. Bxa8 Rxa8 22. Na5 f4 23. Qc2 Nd5 24. Qc6 Rf8 25. Nc4 fxg3 26. hxg3 Bg5 27. f4 Bf6 28. Nd2 Qh5 29. Rc5 Qh3 30. Nf1 Nc3 31. Qg2 Qh6 32. Rxc7 g5 33. e3 dxe3 34. Nxe3 Bh3 35. Qf3 Nb5 36. Rb7 Nd4 37. Qe4 Bc8 38. Rc7 gxf4 39. Qxf4 Qxf4 40. gxf4 Nf3+ 41. Kf2 Nxe1 42. Kxe1 Ba6 43. Kd2 Rd8 44. Nc4 Bxc4 45. Rxc4 Ra8 46. b5 Rxa3 47. Ke3 Rb3 48. Rc5 Rb4 49. Rd5 Kg7 50. Kf3 Kg6 51. Kg4 h6 52. Rc5 Rd4 53. b6 Rb4 54. Rc6 h5+ 55. Kf3 Rb3 56. Rd6 Kf7 57. Rd7+ Ke6 58. Rh7 h4 59. b7 Rxd3+ 60. Ke4 Rd4+ 61. Kf3 Rb4 62. Rc7 Rb3+ 63. Kg4 Kd6 64. Rf7 Be7 65. f5 Rxb7 66. f6 Rb4+ 67. Kf5 Bd8 68. Rh7 Bb6 69. Rb7 Kc6 70. f7 Rb1 71. Rb8 Rf1+ 72. Kg4 Rxf7 73. Kxh4 Rg7 74. Re8 Kd5 75. Kh3 Bd4 76. Re2 Be5 77. Rg2 Rf7 78. Ra2 Ke4 0-1

[Event "Sochi ChessAmateur op"]
[Site "Sochi"]
[Date "2018.04.05"]
[Round "7"]
[White "Inozemtsev, Sergei"]
[Black "Kuprijanov, Anatoly"]
[Result "1/2-1/2"]
[WhiteElo "2315"]
[BlackElo "2231"]
[PlyCount "138"]
[EventDate "2018.04.01"]
[EventType "swiss"]
[EventRounds "9"]
[EventCountry "RUS"]
[SourceTitle "CBM 184 Extra"]
[Source "ChessBase"]
[SourceDate "2018.06.28"]
[SourceVersion "1"]
[SourceVersionDate "2018.06.28"]
[SourceQuality "1"]

1. e4 c6 2. d4 d5 3. exd5 cxd5 4. Bd3 Nc6 5. c3 Qc7 6. h3 Nf6 7. Nf3 g6 8. Qc2 Bg7 9. 0-0 0-0 10. Re1 Bd7 11. Nbd2 Rac8 12. Qb1 Nh5 13. Nf1 e5 14. dxe5 Nxe5 15. Nd4 Nxd3 16. Qxd3 Nf6 17. Be3 a6 18. Nd2 Rfe8 19. N2f3 Ne4 20. a4 Bf8 21. Ne2 Qc4 22. Nf4 Qxd3 23. Nxd3 Bc6 24. Bd4 Nd6 25. Bc5 Rxe1+ 26. Ndxe1 Rd8 27. Nd3 Bg7 28. Bd4 f6 29. b3 Re8 30. Kf1 Kf7 31. Rd1 Ne4 32. Ng1 Bh6 33. Nf3 Bg7 34. Nb4 Bf8 35. Nc2 Nc5 36. Rb1 Rc8 37. Ne3 Bd6 38. Nd2 Ne6 39. Ke2 Nxd4+ 40. cxd4 Ke6 41. Re1 h5 42. Kd1 Kf7 43. Nf3 Bd7 44. Re2 Rc3 45. Rb2 Be6 46. Ne1 f5 47. Ke2 f4 48. Nd1 Rc8 49. Nd3 Bf5 50. f3 Re8+ 51. Kd2 g5 52. N1f2 Kf6 53. Rc2 Re3 54. Rc1 Re7 55. Re1 Rxe1 56. Kxe1 Bd7 57. Kd2 b5 58. axb5 Bxb5 59. Nd1 Bc6 60. Nc3 a5 61. Ke1 Kf5 62. Kd2 g4 63. hxg4+ hxg4 64. Ne2 Be8 65. Nc3 Bc6 66. Ne2 Be8 67. Nc3 Bf7 68. Nb5 Bb8 69. Nc5 Kg5 1/2-1/2

[Event "Sochi ChessAmateur op"]
[Site "Sochi"]
[Date "2018.04.04"]
[Round "6"]
[White "Rudenko, Eugeny"]
[Black "Kuprijanov, Anatoly"]
[Result "0-1"]
[WhiteElo "2108"]
[BlackElo "2231"]
[PlyCount "106"]
[EventDate "2018.04.01"]
[EventType "swiss"]
[EventRounds "9"]
[EventCountry "RUS"]
[SourceTitle "CBM 184 Extra"]
[Source "ChessBase"]
[SourceDate "2018.06.28"]
[SourceVersion "1"]
[SourceVersionDate "2018.06.28"]
[SourceQuality "1"]

1. e4 c5 2. Nf3 d6 3. Nc3 a6 4. d4 cxd4 5. Nxd4 Nf6 6. f4 Qc7 7. Bd3 g6 8. Nf3 Nbd7 9. 0-0 Bg7 10. Kh1 b5 11. a3 Bb7 12. Qe1 Nc5 13. Bd2 Bc6 14. b4 Nxd3 15. cxd3 Qb7 16. Ne2 Rc8 17. Rc1 Bd7 18. Qh4 Rxc1 19. Rxc1 0-0 20. h3 Rc8 21. Qe1 h6 22. Kh2 Be8 23. Bc3 Bd7 24. Bb2 Rxc1 25. Qxc1 Qc8 26. Qxc8+ Bxc8 27. Bc3 Be6 28. Nfd4 Ba2 29. Nc1 Bb1 30. g4 g5 31. fxg5 hxg5 32. Kg2 Nd7 33. Kf2 Ne5 34. Ke3 Kh7 35. Nde2 Kg6 36. Bxe5 Bxe5 37. d4 Bh2 38. Nd3 e6 39. Nc3 Bc2 40. Kd2 Bb3 41. Ne2 f5 42. exf5+ exf5 43. gxf5+ Kxf5 44. Ke3 Bc4 45. Nf2 Bxe2 46. Kxe2 Bg1 47. Kf1 Bxf2 48. Kxf2 Kf4 49. Kg2 d5 50. Kf2 Ke4 51. Kg3 Kxd4 52. Kg4 Ke3 53. Kxg5 d4 0-1

[Event "Sochi ChessAmateur op"]
[Site "Sochi"]
[Date "2018.04.03"]
[Round "4"]
[White "Esonboeva, Gulruhsor"]
[Black "Kuprijanov, Anatoly"]
[Result "0-1"]
[WhiteElo "1930"]
[BlackElo "2231"]
[PlyCount "69"]
[EventDate "2018.04.01"]
[EventType "swiss"]
[EventRounds "9"]
[EventCountry "RUS"]
[SourceTitle "CBM 184 Extra"]
[Source "ChessBase"]
[SourceDate "2018.06.28"]
[SourceVersion "1"]
[SourceVersionDate "2018.06.28"]
[SourceQuality "1"]

1. e4 c5 2. Nc3 Nc6 3. g3 g6 4. Bg2 Bg7 5. Nge2 Nf6 6. d3 0-0 7. 0-0 Rb8 8. a4 a6 9. f4 d6 10. h3 Nd7 11. g4 Nd4 12. Nxd4 Bxd4+ 13. Kh1 b5 14. axb5 axb5 15. Ne2 Bg7 16. Rb1 b4 17. Be3 Ba6 18. Rf2 Qb6 19. Ng3 Ra8 20. g5 Bb5 21. Qg4 Ra2 22. b3 Qa7 23. Kh2 Ra1 24. Rxa1 Qxa1 25. h4 e6 26. h5 Ra8 27. hxg6 hxg6 28. e5 d5 29. Qe2 Ra2 30. Qf1 Qxf1 31. Bxf1 Ra1 32. Bg2 Bf8 33. Rf1 Ra2 34. Rf2 d4 35. c4 0-1

[Event "Sochi ChessAmateur op"]
[Site "Sochi"]
[Date "2018.04.02"]
[Round "3"]
[White "Kuprijanov, Anatoly"]
[Black "Lagashin, Pavel"]
[Result "0-1"]
[WhiteElo "2231"]
[BlackElo "2121"]
[PlyCount "122"]
[EventDate "2018.04.01"]
[EventType "swiss"]
[EventRounds "9"]
[EventCountry "RUS"]
[SourceTitle "CBM 184 Extra"]
[Source "ChessBase"]
[SourceDate "2018.06.28"]
[SourceVersion "1"]
[SourceVersionDate "2018.06.28"]
[SourceQuality "1"]

1. d4 Nf6 2. Nf3 e6 3. c4 d5 4. g3 dxc4 5. Qa4+ Bd7 6. Qxc4 Bc6 7. Bg2 Qd5 8. Qc2 Bb4+ 9. Bd2 Bxd2+ 10. Nbxd2 0-0 11. 0-0 Nbd7 12. Nc4 Rad8 13. Rfd1 Qh5 14. b4 Be4 15. Qb3 Nb6 16. Na5 Qb5 17. a4 Qd5 18. Qxd5 Nbxd5 19. Nxb7 Rb8 20. Nc5 Rxb4 21. Ne5 Bxg2 22. Kxg2 Rb2 23. Re1 Nc3 24. e3 Nfe4 25. Nxe4 Nxe4 26. Nd3 Rb3 27. Red1 Rfb8 28. Kf3 Nc3 29. Rdc1 Nd5 30. Nc5 Rb2 31. Nd3 Rd2 32. Rab1 Rxb1 33. Rxb1 g5 34. Nc5 g4+ 35. Kxg4 Rxf2 36. Rb7 Nxe3+ 37. Kh3 Nf1 38. Rxc7 Rxh2+ 39. Kg4 Rd2 40. Rxa7 Rxd4+ 41. Kf3 Rc4 42. Ne4 Nh2+ 43. Ke3 Ng4+ 44. Kd3 Ne5+ 45. Ke3 Nc6 46. Rc7 f5 47. Nd6 Rc3+ 48. Kf2 Rc2+ 49. Kg1 Nd4 50. Rxc2 Nxc2 51. a5 Nb4 52. Kf2 Kf8 53. Ke3 Ke7 54. Nc4 h5 55. Kd2 Kf6 56. Kc3 Na6 57. Kd4 Nb8 58. Ne5 Ke7 59. Kc5 Nd7+ 60. Nxd7 Kxd7 61. Kb6 Kc8 0-1

[Event "St Petersburg Summer op"]
[Site "St Petersburg"]
[Date "2017.08.23"]
[Round "8"]
[White "Kuprijanov, Anatoly"]
[Black "Golikov, Daniil"]
[Result "0-1"]
[WhiteElo "2270"]
[BlackElo "2095"]
[PlyCount "112"]
[EventDate "2017.08.16"]
[EventType "swiss"]
[EventRounds "9"]
[EventCountry "RUS"]
[SourceTitle "CBM 180 Extra"]
[Source "ChessBase"]
[SourceDate "2017.10.06"]
[SourceVersion "1"]
[SourceVersionDate "2017.10.06"]
[SourceQuality "1"]

1. Nf3 Nf6 2. c4 e6 3. g3 d5 4. Bg2 Be7 5. 0-0 0-0 6. d4 Nbd7 7. Qc2 b6 8. cxd5 Nxd5 9. Nc3 Bb7 10. Nxd5 exd5 11. Bf4 Rc8 12. Rfd1 Nf6 13. Rac1 c5 14. dxc5 bxc5 15. Bh3 Rc6 16. Ne5 Ra6 17. a3 d4 18. f3 Qd5 19. e4 Qd8 20. Nd3 Rc6 21. Qc4 h6 22. Ne5 Rb6 23. Ng6 Rxb2 24. Nxe7+ Qxe7 25. Qxc5 Qxc5 26. Rxc5 Rb3 27. Rc7 Rd8 28. Kf2 d3 29. a4 Rd4 30. e5 Nd5 31. Rd7 Nxf4 32. Rxd4 Nxh3+ 33. Ke3 d2+ 34. Kxd2 Bxf3 35. Rf1 Ng5 36. Rd3 Rb2+ 37. Kc3 Rxh2 38. Rdxf3 Nxf3 39. Rxf3 Re2 40. Rd3 Rxe5 41. Rd8+ Kh7 42. Rd7 f5 43. Rxa7 Re3+ 44. Kd4 Rxg3 45. Ke5 Kg6 46. a5 Re3+ 47. Kf4 Re4+ 48. Kf3 Ra4 49. a6 Kf6 50. Ra8 g6 51. a7 Kg5 52. Kf2 Kh5 53. Kf3 g5 54. Kg3 Ra3+ 55. Kg2 Kg4 56. Kg1 h5 0-1